São Cristóvão (Registo nº 197467)

Detalhes MARC
000 -Etiqueta do registo
Valores 00705nam 22002053 4500
010 ## - Número ISBN
ISBN 978-65-5298-080-9
100 ## - Dados gerais de processamento
Dados gerais 20250805d u||y0pory50 ba
200 ## - Titulo e menção de responsabilidade
Título próprio São Cristóvão
Informação de outro título ao encontro de um povo com alma e tradição
Primeira menção de responsabilidade Manuel João Rufino
205 ## - Menção da edição
Edição
210 ## - Publicação
Local de publicação Rio de Janeiro
Nome do editor Mágico de OZ
Data de publicação 2025
215 ## - Descrição física 
Paginação / Volumes 411 p.
Outras indicações físicas brochado
Dimensões 21 cm
300 ## - Notas gerais 
Texto da nota Com o apoio da Junta de Freguesia de São Cristovão;<br/>Com o apoio de Diversão Alentejano
606 ## - Nome comum usado como assunto
ID Autoridade 13512
Palavra de ordem Monografias Regionais
Subdivisão assunto São Cristóvão
675 ## - CDU
Notação 908
Edição BR
Língua por
700 ## - Autor principal (pessoa individual)
ID Autoridade 13513
Apelido Rufino
Nome Manuel João
Datas 1963-
801 ## - Fonte de origem
País PT
Agência BMMN
Regras de catalogação RPC
830 ## - Notas gerais do catalogador
Criado por Fernando
Indexado por Fernando
990 ## - Elementos KOHA
Tipo de documento Livro
Exemplares
Situação do levantamento Biblioteca de origem Código de barras Cota Permissão de empréstimo Tipo de documento Forma de aquisição
  Biblioteca Municipal de Montemor-o-Novo 25561 908 RUF|FLR   Livro Oferta

Powered by Koha